[Event "Samara Polugaevsky Memorial 6th"]
[Site "Samara"]
[Date "2016.07.06"]
[Round "4"]
[White "Sevastianov, Viktor"]
[Black "Gagarin, Sergey"]
[Result "1-0"]
[WhiteElo "1904"]
[BlackElo "2070"]
[PlyCount "103"]
[EventDate "2016.07.03"]
[EventType "swiss"]
[EventRounds "9"]
[EventCountry "RUS"]
[SourceTitle "EXT 2019"]
[Source "ChessBase"]
[SourceDate "2018.10.10"]
[SourceVersion "1"]
[SourceVersionDate "2018.10.10"]
[SourceQuality "1"]

1. c4 Nf6 2. Nc3 e5 3. g3 d5 4. cxd5 Nxd5 5. Bg2 Nb6 6. Nf3 Nc6 7. 0-0 Be6 8. a3 Be7 9. b4 f6 10. d3 0-0 11. Bb2 a5 12. b5 Nd4 13. Nd2 Qc8 14. e3 Nf5 15. Na4 Nxa4 16. Qxa4 Rd8 17. d4 exd4 18. exd4 Nd6 19. Rfe1 Bf8 20. Rac1 Qd7 21. Rc5 Nf7 22. Rcc1 Bd5 23. Bxd5 Qxd5 24. Rxc7 Re8 25. Rcc1 Ng5 26. f3 Nxf3+ 27. Nxf3 Qxf3 28. b6 Re3 29. Rf1 Qe4 30. Rc2 Re8 31. Rcf2 Bd6 32. Qc4+ Kh8 33. Bc1 Re1 34. Rxe1 Qxe1+ 35. Kg2 Qe4+ 36. Kg1 Qg4 37. Qd3 h5 38. a4 h4 39. Bf4 Re1+ 40. Rf1 Rxf1+ 41. Qxf1 Bxf4 42. Qxf4 Qxf4 43. gxf4 g6 44. Kg2 Kg7 45. Kh3 Kf7 46. Kxh4 Ke6 47. Kg4 Kd5 48. h4 Ke4 49. d5 Kxd5 50. f5 Ke4 51. fxg6 f5+ 52. Kg5 1-0

[Event "Samara Polugaevsky Memorial 6th"]
[Site "Samara"]
[Date "2016.07.05"]
[Round "3"]
[White "Ragozin, Arseniy"]
[Black "Sevastianov, Viktor"]
[Result "0-1"]
[WhiteElo "1498"]
[BlackElo "1904"]
[PlyCount "104"]
[EventDate "2016.07.03"]
[EventType "swiss"]
[EventRounds "9"]
[EventCountry "RUS"]
[SourceTitle "EXT 2019"]
[Source "ChessBase"]
[SourceDate "2018.10.10"]
[SourceVersion "1"]
[SourceVersionDate "2018.10.10"]
[SourceQuality "1"]

1. e4 Nc6 2. Nf3 e6 3. d4 d5 4. exd5 exd5 5. c4 Bb4+ 6. Nc3 Nge7 7. Bd3 Bg4 8. Be3 Bxf3 9. Qxf3 0-0 10. 0-0 Bxc3 11. bxc3 dxc4 12. Bxc4 Na5 13. Bd3 c6 14. Qe4 Ng6 15. f4 Qd5 16. Qxd5 cxd5 17. f5 Ne7 18. f6 Ng6 19. Rab1 b6 20. Rb5 Rfd8 21. fxg7 Kxg7 22. Bg5 Rd6 23. Rf5 f6 24. Be3 Rad8 25. Rf3 a6 26. Rb1 b5 27. Bxg6 hxg6 28. Rh3 g5 29. Re1 Re6 30. Bd2 Rxe1+ 31. Bxe1 Re8 32. Bf2 Re2 33. Re3 Rxa2 34. Re7+ Kf8 35. Re1 Rc2 36. g4 Nc4 37. Re6 a5 38. Rxf6+ Ke7 39. Rf5 a4 40. Rxd5 a3 41. Rxb5 a2 42. Rb7+ Ke6 43. d5+ Kxd5 44. Rb5+ Ke4 45. Rb4 a1Q+ 46. Kg2 Rxf2+ 47. Kxf2 Qxc3 48. Rb7 Qf3+ 49. Ke1 Qe3+ 50. Kf1 Nd2+ 51. Kg2 Qf3+ 52. Kg1 Qf1# 0-1

[Event "Samara Polugaevsky Memorial 6th"]
[Site "Samara"]
[Date "2016.07.04"]
[Round "2"]
[White "Sevastianov, Viktor"]
[Black "Alieva, Alexandra"]
[Result "0-1"]
[WhiteElo "1904"]
[BlackElo "2115"]
[PlyCount "60"]
[EventDate "2016.07.03"]
[EventType "swiss"]
[EventRounds "9"]
[EventCountry "RUS"]
[SourceTitle "EXT 2019"]
[Source "ChessBase"]
[SourceDate "2018.10.10"]
[SourceVersion "1"]
[SourceVersionDate "2018.10.10"]
[SourceQuality "1"]

1. c4 c6 2. Nf3 Nf6 3. g3 d5 4. b3 Bf5 5. Bb2 e6 6. Bg2 h6 7. 0-0 Bd6 8. d3 0-0 9. Nbd2 Bh7 10. Rc1 Nbd7 11. e4 dxe4 12. Nxe4 Bxe4 13. dxe4 Nxe4 14. Nd4 Ndf6 15. Qe2 Nc5 16. Rcd1 a5 17. Nxc6 bxc6 18. Bxf6 gxf6 19. Qd2 Be7 20. Qxh6 Qc7 21. Rd4 f5 22. Re1 Rfd8 23. Red1 Qe5 24. Rxd8+ Rxd8 25. Rxd8+ Bxd8 26. Bxc6 Nd3 27. Qd2 Qa1+ 28. Kg2 Ne1+ 29. Kh3 Qh8+ 30. Qh6 Qxh6# 0-1

[Event "Samara Polugaevsky Memorial 5th"]
[Site "Samara"]
[Date "2015.07.11"]
[Round "9"]
[White "Sevastianov, Viktor"]
[Black "Akulova, Taisiya"]
[Result "0-1"]
[WhiteElo "1939"]
[BlackElo "1592"]
[PlyCount "130"]
[EventDate "2015.07.03"]
[EventType "swiss"]
[EventRounds "9"]
[EventCountry "RUS"]
[SourceTitle "EXT 2017"]
[Source "ChessBase"]
[SourceDate "2016.10.25"]
[SourceVersion "1"]
[SourceVersionDate "2016.10.25"]
[SourceQuality "1"]

1. c4 Nf6 2. Nc3 e5 3. g3 Bb4 4. Qc2 0-0 5. Bg2 c6 6. a3 Bxc3 7. Qxc3 Re8 8. d3 d5 9. e4 dxe4 10. dxe4 Qd4 11. Qc2 Be6 12. c5 Na6 13. Be3 Qc4 14. Rc1 Qxc2 15. Rxc2 Rad8 16. f3 Rd3 17. Kf2 Nc7 18. Ne2 Red8 19. Nc1 R3d7 20. Re1 Nb5 21. Bf1 Nd4 22. Rd2 b6 23. cxb6 axb6 24. Red1 c5 25. Bxd4 exd4 26. Nd3 g5 27. Ne5 Rc7 28. g4 h5 29. h3 h4 30. Bb5 Bd7 31. Bc4 Be8 32. Bf1 Nd7 33. Nxd7 Bxd7 34. Bc4 Rc6 35. a4 Rf6 36. b3 Bc6 37. Kg2 Rb8 38. Rc1 Rd6 39. Kf2 Kg7 40. Ke2 b5 41. axb5 Bxb5 42. Rd3 Ra6 43. Rc2 Ra1 44. Kf2 Rb1 45. Rdd2 Ra1 46. Bd5 Rc8 47. Ra2 Rf1+ 48. Kg2 Rc1 49. Ra7 Rf8 50. Rc7 Bf1+ 51. Kf2 Bxh3 52. b4 Rf1+ 53. Ke2 cxb4 54. Rxd4 Rb1 55. e5 Bf1+ 56. Kf2 h3 57. Kg3 Rb2 58. Rd1 Bg2 59. f4 gxf4+ 60. Kxf4 Bxd5 61. Rxd5 h2 62. Rd1 Rg2 63. Rh1 Rh8 64. Rcc1 b3 65. Kf3 Rc2 0-1

[Event "Samara Polugaevsky Memorial 4th"]
[Site "Samara"]
[Date "2014.07.02"]
[Round "1"]
[White "Sevastianov, Viktor"]
[Black "Smirnov, Alexey1"]
[Result "0-1"]
[WhiteElo "1960"]
[BlackElo "2413"]
[PlyCount "80"]
[EventDate "2014.07.02"]
[EventType "swiss"]
[EventRounds "9"]
[EventCountry "RUS"]
[SourceTitle "CBM 161 Extra"]
[Source "ChessBase"]
[SourceDate "2014.08.29"]
[SourceVersion "1"]
[SourceVersionDate "2014.08.29"]
[SourceQuality "1"]

1. c4 e5 2. Nc3 Nf6 3. e4 Bc5 4. Nf3 d6 5. Be2 0-0 6. 0-0 Nc6 7. d3 h6 8. a3 a5 9. Nd5 Nxd5 10. cxd5 Nd4 11. Nxd4 Bxd4 12. Qc2 c6 13. dxc6 bxc6 14. Be3 Bxe3 15. fxe3 Qb6 16. Qd2 Rb8 17. b4 axb4 18. axb4 Qxb4 19. Qxb4 Rxb4 20. Rfb1 Rxb1+ 21. Rxb1 Be6 22. d4 Rc8 23. Rb6 Kf8 24. d5 cxd5 25. exd5 Bxd5 26. Rxd6 Rc5 27. g3 Ke7 28. Rb6 Rc2 29. Kf1 Rc1+ 30. Kf2 Rh1 31. h4 Rh2+ 32. Ke1 Rg2 33. g4 Rh2 34. h5 Be6 35. Rb4 Kf6 36. Rb6 Kg5 37. Rb4 Rh4 38. Rb5 Bxg4 39. Rxe5+ Kf6 40. Re4 Rh1+ 0-1

[Event "Samara-ch"]
[Site "Samara"]
[Date "2010.04.24"]
[Round "4"]
[White "Sevastianov, Viktor"]
[Black "Shmyrov, Maxim"]
[Result "1-0"]
[WhiteElo "2017"]
[BlackElo "1901"]
[PlyCount "101"]
[EventDate "2010.04.21"]
[EventType "swiss"]
[EventRounds "9"]
[EventCountry "RUS"]
[SourceTitle "EXT 2012"]
[Source "ChessBase"]
[SourceDate "2011.11.24"]
[SourceVersion "1"]
[SourceVersionDate "2011.11.24"]
[SourceQuality "1"]

1. d4 Nf6 2. Nf3 c5 3. e3 g6 4. c3 b6 5. Bd3 Bg7 6. Nbd2 0-0 7. 0-0 Bb7 8. Qe2 d6 9. a4 Qc7 10. e4 Nfd7 11. Nc4 Nc6 12. d5 Nce5 13. Nfxe5 Nxe5 14. Nxe5 Bxe5 15. Bh6 Bg7 16. Bxg7 Kxg7 17. c4 e6 18. f3 exd5 19. cxd5 Qe7 20. Qc2 a5 21. Qc3+ f6 22. Rae1 Qe5 23. f4 Qd4+ 24. Rf2 Qxa4 25. Rc1 Rae8 26. b3 Qb4 27. Qb2 Bc8 28. Rfc2 b5 29. h3 Bd7 30. g4 a4 31. bxa4 Qxb2 32. Rxb2 b4 33. a5 Rb8 34. Kf2 Bb5 35. Ke3 Bxd3 36. Kxd3 Rb5 37. Ra1 Ra8 38. a6 Ra7 39. Kc4 Rb6 40. e5 fxe5 41. fxe5 dxe5 42. Kxc5 Rbxa6 43. Rxa6 Rxa6 44. g5 Ra3 45. Rxb4 Rxh3 46. Rb7+ Kf8 47. d6 Ke8 48. Kd5 Rd3+ 49. Ke6 Kf8 50. Rb8+ Kg7 51. d7 1-0

[Event "Samara-ch"]
[Site "Samara"]
[Date "2010.04.22"]
[Round "2"]
[White "Sevastianov, Viktor"]
[Black "Kuznetsov, Valentin"]
[Result "1-0"]
[WhiteElo "2017"]
[BlackElo "1907"]
[PlyCount "115"]
[EventDate "2010.04.21"]
[EventType "swiss"]
[EventRounds "9"]
[EventCountry "RUS"]
[SourceTitle "EXT 2012"]
[Source "ChessBase"]
[SourceDate "2011.11.24"]
[SourceVersion "1"]
[SourceVersionDate "2011.11.24"]
[SourceQuality "1"]

1. d4 Nf6 2. Nf3 g6 3. Bg5 Bg7 4. Nbd2 d5 5. e3 0-0 6. Bd3 Nbd7 7. 0-0 c5 8. c3 Re8 9. Re1 Qb6 10. Qb1 e5 11. dxe5 Nxe5 12. Nxe5 Rxe5 13. Bf4 Re8 14. h3 Bd7 15. Qc2 c4 16. Be2 Bf5 17. Qc1 Qc6 18. Nf3 Qc8 19. Nd4 Bd7 20. Qc2 h6 21. Bf3 g5 22. Bh2 g4 23. hxg4 Nxg4 24. Bg3 Nf6 25. Rad1 Ne4 26. Bf4 b5 27. Ne2 Bc6 28. Bxe4 Rxe4 29. Ng3 Re6 30. Nf5 Qb7 31. Nxg7 Kxg7 32. Rd4 Rg6 33. a3 Re8 34. Qf5 Ree6 35. f3 Kh7 36. Kf2 Qe7 37. Rh1 Kg7 38. Rh5 a5 39. Rd1 b4 40. axb4 axb4 41. Be5+ f6 42. Bf4 bxc3 43. bxc3 Rg5 44. Bxg5 fxg5 45. Rhh1 Rf6 46. Qc8 Re6 47. Rhe1 g4 48. Rd4 h5 49. Qb8 Rg6 50. Ra1 gxf3 51. Ra7 Bd7 52. gxf3 Rd6 53. Rf4 d4 54. cxd4 c3 55. Ra8 Be8 56. Re4 Re6 57. Rxe6 Qxe6 58. Qxe8 1-0

[Event "Samara-chB"]
[Site "Samara"]
[Date "2009.12.14"]
[Round "9"]
[White "Sevastianov, Viktor"]
[Black "Zhuzhukin, Nikita"]
[Result "1-0"]
[WhiteElo "2018"]
[BlackElo "2032"]
[PlyCount "123"]
[EventDate "2009.12.06"]
[EventType "swiss"]
[EventRounds "9"]
[EventCountry "RUS"]
[SourceTitle "EXT 2012"]
[Source "ChessBase"]
[SourceDate "2011.11.24"]
[SourceVersion "1"]
[SourceVersionDate "2011.11.24"]
[SourceQuality "1"]

1. c4 e6 2. Nf3 d5 3. b3 Nf6 4. Bb2 Bd6 5. g3 0-0 6. Bg2 b6 7. 0-0 Bb7 8. d3 Nbd7 9. Nbd2 c5 10. e3 Qe7 11. cxd5 exd5 12. Qc2 Rac8 13. Rac1 Ne5 14. Nxe5 Bxe5 15. Nf3 Bxb2 16. Qxb2 Rc7 17. Rfd1 Rfc8 18. Rd2 Nd7 19. Rdc2 Ba6 20. Ne1 Qe6 21. b4 Ne5 22. Qa3 Bb7 23. bxc5 bxc5 24. Rxc5 Rxc5 25. Rxc5 Rxc5 26. Qxc5 Qb6 27. Qxb6 axb6 28. d4 Nd7 29. Nd3 Kf8 30. Nb4 Nf6 31. Kf1 Ke7 32. Ke2 Kd6 33. h3 Nd7 34. Kd3 f5 35. h4 Nf6 36. Bf3 g6 37. Bg2 Bc8 38. a3 Bd7 39. Bf3 Bb5+ 40. Kd2 Ne4+ 41. Bxe4 fxe4 42. Ke1 Bc4 43. f3 exf3 44. Kf2 Be2 45. Na2 Ke6 46. Nc3 Bc4 47. Kxf3 Kf5 48. g4+ Ke6 49. Kf4 h6 50. g5 h5 51. e4 dxe4 52. Kxe4 Kd6 53. d5 Ba6 54. Kd4 Bf1 55. Ne4+ Kd7 56. Ke5 Bd3 57. Nf6+ Ke7 58. d6+ Kd8 59. Kd5 Bb5 60. Kd4 Kc8 61. Ke5 Bc4 62. Nd5 1-0

[Event "Samara-chB"]
[Site "Samara"]
[Date "2009.12.10"]
[Round "5"]
[White "Sevastianov, Viktor"]
[Black "Kuznetsov, Mikhail"]
[Result "1/2-1/2"]
[WhiteElo "2018"]
[BlackElo "2040"]
[PlyCount "47"]
[EventDate "2009.12.06"]
[EventType "swiss"]
[EventRounds "9"]
[EventCountry "RUS"]
[SourceTitle "EXT 2012"]
[Source "ChessBase"]
[SourceDate "2011.11.24"]
[SourceVersion "1"]
[SourceVersionDate "2011.11.24"]
[SourceQuality "1"]

1. d4 Nf6 2. Nf3 c5 3. e3 g6 4. b3 Bg7 5. Bb2 b6 6. Be2 Bb7 7. 0-0 0-0 8. Nbd2 Nc6 9. Nc4 d5 10. Nce5 Nd7 11. Nxc6 Bxc6 12. Qd2 Qc7 13. a4 e5 14. Nxe5 Nxe5 15. dxe5 Bxe5 16. Bxe5 Qxe5 17. Bf3 Rad8 18. Rad1 Rd6 19. Rfe1 Rfd8 20. c3 f5 21. Qc2 Qf6 22. Rd2 Be8 23. Red1 Bf7 24. g3 1/2-1/2

[Event "Samara-ch"]
[Site "Samara"]
[Date "2009.04.17"]
[Round "4"]
[White "Prikhodko, Anton"]
[Black "Sevastianov, Viktor"]
[Result "1-0"]
[WhiteElo "2052"]
[BlackElo "2018"]
[PlyCount "43"]
[EventDate "2009.04.07"]
[EventType "swiss"]
[EventRounds "9"]
[EventCountry "RUS"]
[SourceTitle "EXT 2012"]
[Source "ChessBase"]
[SourceDate "2011.11.24"]
[SourceVersion "1"]
[SourceVersionDate "2011.11.24"]
[SourceQuality "1"]

1. e4 c6 2. d4 d5 3. exd5 cxd5 4. c4 Nf6 5. Nc3 e6 6. Nf3 Bb4 7. Bd3 dxc4 8. Bxc4 0-0 9. 0-0 b6 10. Bg5 Be7 11. Qe2 Bb7 12. Rad1 Nd5 13. Bxd5 Bxd5 14. Bxe7 Qxe7 15. Nxd5 Qd6 16. Nc3 Nd7 17. d5 e5 18. Nb5 Qe7 19. d6 Qf6 20. Rfe1 a6 21. Nc7 Ra7 22. Nxe5 1-0

[Event "Samara op"]
[Site "Samara"]
[Date "2008.12.12"]
[Round "8"]
[White "Sevastianov, Viktor"]
[Black "Belonogov, Alexander"]
[Result "1/2-1/2"]
[WhiteElo "2021"]
[BlackElo "2138"]
[PlyCount "71"]
[EventDate "2008.12.05"]
[EventType "swiss"]
[EventRounds "9"]
[EventCountry "RUS"]
[SourceTitle "CBM 127 Extra"]
[Source "ChessBase"]
[SourceDate "2009.01.08"]
[SourceVersion "2"]
[SourceVersionDate "2009.01.28"]
[SourceQuality "1"]

1. d4 Nf6 2. Nf3 e6 3. e3 b6 4. Bd3 Bb7 5. Nbd2 d5 6. b3 Nbd7 7. Bb2 Be7 8. 0-0 c5 9. Ne5 Nxe5 10. dxe5 Nd7 11. f4 g6 12. Qe2 Qc7 13. Rac1 a6 14. c4 dxc4 15. Nxc4 0-0 16. Rfd1 b5 17. Nd6 Bc6 18. Be4 f5 19. Bxc6 Qxc6 20. Ba3 Rfd8 21. Bxc5 Nxc5 22. b4 Bxd6 23. exd6 Rxd6 24. Rxc5 Qd7 25. Rxd6 Qxd6 26. Qc2 Rd8 27. Rc8 Kf7 28. Rxd8 Qxd8 29. a3 h6 30. Qc6 g5 31. Qc3 Kg6 32. Kf2 Qd5 33. h3 Qd6 34. Kg3 h5 35. h4 gxf4+ 36. exf4 1/2-1/2

[Event "PriFR-ch Seniors 6th"]
[Site "Samara"]
[Date "2008.03.15"]
[Round "5"]
[White "Balakhontsev, Evgeny"]
[Black "Sevastianov, Viktor"]
[Result "0-1"]
[WhiteElo "1996"]
[BlackElo "1968"]
[PlyCount "86"]
[EventDate "2008.03.11"]
[EventType "swiss"]
[EventRounds "9"]
[EventCountry "RUS"]
[SourceTitle "EXT 2022"]
[Source "ChessBase"]
[SourceDate "2021.10.06"]
[SourceVersion "1"]
[SourceVersionDate "2021.10.06"]
[SourceQuality "1"]

1. e4 c6 2. d4 d5 3. exd5 cxd5 4. c4 Nf6 5. Nc3 e6 6. Nf3 Bb4 7. Bd2 0-0 8. a3 Bxc3 9. Bxc3 b6 10. Bd3 dxc4 11. Bxc4 Bb7 12. 0-0 Nc6 13. Qc2 Rc8 14. Rad1 Ne7 15. Ne5 Ned5 16. Bd3 Qc7 17. Rc1 Nf4 18. f3 Nxd3 19. Qxd3 Rfd8 20. Qb5 Qd6 21. Rfe1 Nd5 22. a4 Rc7 23. Nc4 Qd7 24. Qxd7 Rdxd7 25. Ne5 Rd8 26. Kf2 Rdc8 27. Bd2 Rc2 28. Rxc2 Rxc2 29. Re2 Ba6 30. Ke1 Bxe2 31. Kxe2 Rxb2 32. Kd3 Ra2 33. a5 bxa5 34. Nc6 Nb4+ 35. Bxb4 axb4 36. Nxb4 Rxg2 37. h4 a5 38. Nc2 Rxc2 39. Kxc2 h5 40. f4 Kh7 41. Kb3 Kg6 42. Ka4 Kf5 43. Kxa5 Kxf4 0-1